000 00878nam a22002897a 4500
003 CHAP
005 20220329133758.0
008 971013s1977 r 00010 d
010 _a10773
011 _a11745
035 _a11022
040 _cCHAP
082 0 4 _a001.6424
_bM31Y
100 0 0 _aMcCracken, Daniel D.
_973440
245 1 0 _aProgramación Algol
260 _aMéxico :
_bLIMUSA,
_c1977
300 _a122 p
590 _aBATCH-UPD
_b10
_c20130110
_lUCH01
_h2147
590 _aBATCH-UPD
_b10
_c20130410
_lUCH01
_h1455
590 _aBATCH-UPD
_b10
_c20130914
_lUCH01
_h0108
590 _aCONVERSION
_b10
_c20130109
_lUCH01
_h1307
650 4 _aALGOL (Programación)
_94076
901 _aBK
942 _cLIBRO
949 _a001.6424 M31Y
_bBC
_cLIBRO
_d33724000292942
_eLIBRO
_h34391
_i11022
_si
949 _a001.6424 M31Y
_bBC
_cLIBRO
_d33724000292967
_eLIBRO
_fc.2
_h339
_i11022
_si
999 _c10773
_d10773